La quinta disciplina en la práctica: cómo construir una organización inteligente

Saved in:
Bibliografiske detaljer
Main Authors: Senge, Peter M (Author), Roberts, Charlotte (Author), Ross, Richard B (Author), Smith, Bryan J (Author), Kleiner, Art (Author)
Format: Bog
Sprog:spansk
Udgivet: Barcelona Granica 1995
Serier:Management
Fag:
Tags: Tilføj Tag
Ingen Tags, Vær først til at tagge denne postø!

MARC

LEADER 00000nam a2200000 a 4500
001 UCO5899
003 CL-VaPUC
008 000922e19950000SP |||||||||||||||||spa|d
082 0 4 |a 658.406  |b SEN  |2 21 
100 0 |a Senge, Peter M  |e author  |9 450684 
700 0 |a Roberts, Charlotte  |e author  |9 450685 
700 0 |a Ross, Richard B  |e author  |9 450686 
700 0 |a Smith, Bryan J  |e author  |9 450687 
700 0 |a Kleiner, Art  |e author  |9 450688 
245 1 3 |a La quinta disciplina en la práctica: cómo construir una organización inteligente 
300 |a 593 p 
942 |c BK 
945 |d 20000922 00:00:00  |a vberengu 
260 |a Barcelona  |b Granica  |c 1995 
650 0 |a Organización  |9 256369 
650 0 |a Gestión administrativa  |9 375217 
650 0 |a Desarrollo organizacional  |9 356124 
583 |a last modification  |c 20000922 00:00:00  |k Rodrigo Vera 
490 0 |a Management 
999 |c 291719  |d 291717 
952 |0 0  |1 0  |4 0  |6 658_406000000000000_SEN_1995  |7 0  |8 A  |9 341857  |a BIBEDU  |b BIBEDU  |d 2019-11-20  |i 3646696  |o 658.406 SEN 1995  |p 3646696  |r 2019-11-20  |w 2019-11-20  |y BK  |k BME 
952 |0 0  |1 0  |4 0  |6 658_406000000000000_SEN_1995  |7 0  |8 A  |9 341858  |a BIBENE  |b BIBENE  |d 2019-11-20  |i 3656829  |o 658.406 SEN 1995  |p 3656829  |r 2025-01-15  |w 2019-11-20  |y BK  |k ICO 
952 |0 0  |1 0  |4 0  |6 658_406000000000000_SEN_1995  |7 0  |8 A  |9 341859  |a BIBENE  |b BIBENE  |d 2019-11-20  |i 3716236  |o 658.406 SEN 1995  |p 3716236  |r 2025-01-15  |w 2019-11-20  |y BK  |k ICO 
952 |0 0  |1 0  |4 0  |6 658_406000000000000_SEN_1995  |7 0  |8 A  |9 341860  |a BIBEDU  |b BIBEDU  |d 2019-11-20  |i 3784177  |o 658.406 SEN 1995  |p 3784177  |r 2019-11-20  |w 2019-11-20  |y BK  |k PSI